000 00860na a2200277 4500
001 13920
003 MIRAKIL
005 20181213155159.0
008 160822b tu 000 0
020 _a9786051060453
035 _a13920
040 _aMilas
_btur
_cTR-AnCHP
082 _aATA 923.156
_bM97f 2008
090 _aATA 923.156 M97f 2008
100 _aMütercimler, Erol
245 _aFikrimizin rehberi
_cErol Mütercimler
260 _aİstanbul
_bAlfa
_c2008
300 _axix, 1194 s.
_bfotg.
_c23 sm.
490 _aİnceleme-Araştırma
_v34
490 _aAlfa Yayınları
_v1948
504 _aKaynakça ve dizin var.
600 _aAtatürk, Mustafa Kemal
_d1881-1938
_xAtatürk devrimleri
600 _aAtatürk, Mustafa Kemal
_d1881-1938
_xSavaşlar
600 _aAtatürk, Mustafa Kemal
_d1881-1938
_xYaşamöyküsü
942 _2ddc
_cBKS
999 _c8086
_d8086